| 000 | 00579nam a22002177a 4500 | ||
|---|---|---|---|
| 003 | OSt | ||
| 005 | 20160629182033.0 | ||
| 008 | 160629b xxu||||| |||| 00| 0 eng d | ||
| 020 | _a9780126503425 | ||
| 040 | _cDDC | ||
| 082 | _a580 SMI 2000 | ||
| 100 |
_aSmith, Roberta H. _99761 |
||
| 245 | _aPlant Tissue Culture: techniques and experiments | ||
| 250 | _b2nd ed. | ||
| 260 | _aSan Diego; Academic Press, 2000 | ||
| 300 | _axiv,231p; ill: 23cm | ||
| 504 | _aAppendice, & index included | ||
| 650 |
_aPlant tissues _99762 |
||
| 650 |
_aBotany _91777 |
||
| 942 |
_2z _cO_SHELF |
||
| 999 |
_c4552 _d4552 |
||